Biomaterials: the intersection of biology and materials science (Record no. 35926)
[ view plain ]
| 000 -LEADER | |
|---|---|
| fixed length control field | 00761nam a2200193 a 4500 |
| 008 - FIXED-LENGTH DATA ELEMENTS--GENERAL INFORMATION | |
| fixed length control field | 081223s2008 ||||||||||||||||| || u |
| 020 ## - INTERNATIONAL STANDARD BOOK NUMBER | |
| International Standard Book Number | 0132350440 |
| 050 ## - LIBRARY OF CONGRESS CALL NUMBER | |
| Classification number | R 857.M3 Tem |
| 100 ## - MAIN ENTRY--PERSONAL NAME | |
| Personal name | Temenoff, J. S |
| 245 10 - TITLE STATEMENT | |
| Title | Biomaterials: the intersection of biology and materials science |
| Statement of responsibility, etc. | [by] J. S. Temenoff; A. G. Mikos |
| 260 ## - PUBLICATION, DISTRIBUTION, ETC. | |
| Place of publication, distribution, etc. | Upper Saddle Rivver, N. J.: |
| Name of publisher, distributor, etc. | Pearson/Prentice-Hall |
| Date of publication, distribution, etc. | 2008 |
| 300 ## - PHYSICAL DESCRIPTION | |
| Extent | xxiv, 478p.: ill. |
| 350 ## - PRICE (NR) (BK AM CF MU VM SE) [OBSOLETE] | |
| Price | 0.00 |
| 490 ## - SERIES STATEMENT | |
| Series statement | Pearson Prentice-Hall bioengineering |
| 650 #7 - SUBJECT ADDED ENTRY--TOPICAL TERM | |
| Topical term or geographic name entry element | SCIENCE |
| Source of heading or term | fast |
| 650 #0 - SUBJECT ADDED ENTRY--TOPICAL TERM | |
| Topical term or geographic name entry element | BIOMEDICAL MATERIALS |
| 700 ## - ADDED ENTRY--PERSONAL NAME | |
| Personal name | Mikos, A. G |
| 995 ## - RECOMMENDATION 995 [LOCAL, UNIMARC FRANCE] | |
| -- | 0.00 |
| -- | CBU-MAIN LIBRARY (Kitwe) |
| -- | 1 |
| -- | 0.00 |
| -- | 1 |
| -- | AVAILABLE |
| -- | Feb 12, 2009 |
| -- | Annex Low-Usage Collection |
| Withdrawn status | Lost status | Source of classification or shelving scheme | Damaged status | Not for loan | Home library | Current library | Shelving location | Date acquired | Total Checkouts | Full call number | Barcode | Date last seen | Price effective from | Koha item type |
|---|---|---|---|---|---|---|---|---|---|---|---|---|---|---|
| CBU-MAIN LIBRARY, KITWE. | CBU-MAIN LIBRARY, KITWE. | 11/30/2022 | R 857.M3 Tem | 739550 | 11/30/2022 | 11/30/2022 | MONOGRAPH |